000 00226nam a22000857a 4500
008 160718b xxu||||| |||| 00| 0 eng d
100 _92982
_a Ciovacco, J., et al
245 _aUniverse
260 _aNew Delhi
_bPopular Prakashan
_c2004
999 _c2545
_d2545